000 00309nam a22001337a 4500
008 170127b xxu||||| |||| 00| 0 eng d
020 _a9780071466332
041 _aeng
080 _217th
_a61
100 _a3
101 _aSHM
245 _aHARRISON'S PRINCIPLES OF INTERNAL MEDICINE
_cFAUCI
942 _2udc
_cBK
999 _c3887
_d3887